00850nam a2200241 450000100060000000300080000600500170001400800390003103500140007003500190008404000160010304100080011908200250012710000450015224500650019726000660026230000230032850400300035165000550038194200120043699900170044895201430046530533BD-RjUL20211209051558.0140410s1969 ii b 000 0 eng a(BD-RjUL) a(BD-RjUL)30619 aLCbengcLC aeng04a361.020954bKUV 19691 aKulkarni, Vinayak Martand,d1915-99277110aVoluntary action in a developing society /c V. M. Kulkarni. aNew Delhi :bIndian Institute of Public Administrationc1969. axiv, 66 p.c22 cm. aBibliography: p. [63]-66. 0aVolunteer workers in social servicezIndia.918315 2ddccBK c30533d30533 00102ddc40718NFICaRUCLbRUCLcReadingd1979-03-03eINDIA INT.g5.00l0o361.020954 KUV 1969r2014-04-10 00:00:00tC-1w2014-04-10yBK